| 000 | 00373nam a2200145Ia 4500 | ||
|---|---|---|---|
| 008 | 240624s9999 xx 000 0 und d | ||
| 041 | _aeng | ||
| 082 | _a303.48 REY | ||
| 100 | _aREYNOLDS SANA | ||
| 245 | _aGUIDE TO CROSS CULTURAL COMMUNICATION | ||
| 260 |
_c2011 _aBoston _bPrentice Hall |
||
| 300 | _axxv, : 130 : p. : cm. ; 20 | ||
| 365 |
_c _b26 |
||
| 440 | _v(2nd ed.) | ||
| 999 |
_c20097 _d20097 |
||